00506nam a2200157 a 450000100100000000500170001000800410002702000150006804000250008310000240010824500930013226000510022530000210027650000210029750400300031800004302320201002040559.0140217s1997 xxu 001 0 spa d a0060653035 aDO-SdBNPbspacBNPHU1 aMcbrien, Richard P.10aLives of the popes :bthe pontiffs from St. Peter to John Paul II /cRichard P. Mcbrien. aNew York, :bHarper Collins Publishers,c1997. a520 p. ;c25 cm. aIncluye índice aBibliografía p: 489-491